Εισαγωγή στη Χρηματοοικονομική Λογιστική / Θεμελιώδεις Λογιστικές Έννοιες: Τεύχος Β' - Τρίτη Έκδοση (Record no. 5708)
[ view plain ]
| 000 -LEADER | |
|---|---|
| fixed length control field | 02005cam a22002174a 4500 |
| 005 - ΗΜΕΡΟΜΗΝΙΑ ΚΑΙ ΩΡΑ ΤΕΛΕΥΤΑΙΑΣ ΕΝΗΜΕΡΩΣΗΣ | |
| Πεδίο ελέγχου | 20250605164219.0 |
| 008 - FIXED-LENGTH DATA ELEMENTS--GENERAL INFORMATION | |
| Πεδίο ελέγχου σταθερού μήκους | 250528s ||||||||||||||||||||||||d |
| 035 ## - SYSTEM CONTROL NUMBER | |
| System control number | 20617 |
| 020 ## - ISBN | |
| ISBN | 9603590274 |
| 040 ## - ΠΗΓΗ ΚΑΤΑΛΟΓΟΓΡΑΦΗΣΗΣ | |
| Φορέας πρωτότυπης καταλογογράφησης | MC Athens Campus Library |
| Γλώσσα καταλογογράφησης | Ελληνικά, Μοντέρνα (1453-) |
| Modifying agency | MC Athens Campus Library |
| Κανόνες περιγραφικής καταλογογράφησης | AACR2 |
| 245 1# - ΤΙΤΛΟΣ ΚΑΙ ΔΗΛΩΣΗ ΥΠΕΥΘΥΝΟΤΗΤΑΣ | |
| Τίτλος | Εισαγωγή στη Χρηματοοικονομική Λογιστική / Θεμελιώδεις Λογιστικές Έννοιες: Τεύχος Β' - Τρίτη Έκδοση |
| 250 ## - EDITION STATEMENT | |
| Edition statement | 3η |
| 260 ## - PUBLICATION, DISTRIBUTION, ETC. | |
| Name of publisher, distributor, etc. | Ευγ. Μπένου, |
| Date of publication, distribution, etc. | 1996 |
| 300 ## - PHYSICAL DESCRIPTION | |
| Extent | 392 |
| 505 0# - FORMATTED CONTENTS NOTE | |
| Formatted contents note | Γενικά, Λογιστική, Χρηματοοικονομική Λογιστική, Λογιστική Μονάδα, Λογιστική Ισότητα, Λογιστικό Γεγονός, Λογιστική Χρήση, Λογιστικό Αποτέλεσμα, Λογαριασμός, Λογιστικές Εκθέσεις, Παραρτήματα, Σχέδιο Λογαριασμών σύμφωνα με το ''Ελληνικό Γενικό Λογιστικό Σχέδιο'', Υποδείγματα Λογιστικών Καταστάσεων Ελληνικών Επιχειρήσεων, Βιβλιογραφία, Αλφαβητικό Ευρετήριο. |
| 520 ## - SUMMARY, ETC. | |
| Summary, etc. | Γενικά, Λογιστική, Χρηματοοικονομική Λογιστική, Λογιστική Μονάδα, Λογιστική Ισότητα, Λογιστικό Γεγονός, Λογιστική Χρήση, Λογιστικό Αποτέλεσμα, Λογαριασμός, Λογιστικές Εκθέσεις, Παραρτήματα, Σχέδιο Λογαριασμών σύμφωνα με το ''Ελληνικό Γενικό Λογιστικό Σχέδιο'', Υποδείγματα Λογιστικών Καταστάσεων Ελληνικών Επιχειρήσεων, Βιβλιογραφία, Αλφαβητικό Ευρετήριο. |
| 700 1# - ΠΡΟΣΘΕΤΗ ΑΝΑΓΡΑΦΗ--ΦΥΣΙΚΟ ΠΡΟΣΩΠΟ | |
| Personal name | Βασιλάτου - Θαναπούλου Έλλη |
| 9 (RLIN) | 5280 |
| 942 ## - ADDED ENTRY ELEMENTS (KOHA) | |
| Koha item type | Books |
| Τύπος τεκμηρίου | Βιβλιοθήκη | Τρέχουσα τοποθεσία | Barcode | Αριθμός εισαγωγής | Ημερομηνία απόκτησης | Ταξιθετικό σύμβολο | Αριθμός αντιτύπου | Κατάσταση απόσυρσης | Κατάσταση χαμένου | Κατάσταση κατεστραμμένου | Μη δανεισμός | Σύνολο δανεισμών | Ημερομηνία τελευταίας εμφάνισης | Η τιμή ισχύει από |
|---|---|---|---|---|---|---|---|---|---|---|---|---|---|---|
| Books | MC Athens Campus Library | MC Athens Campus Library | 9780000057075 | 7164 | 05/06/2025 | 657.48 VAS V.B | 1 | 05/06/2025 | 05/06/2025 |